[Event "YUG Cup"]
[Site "Herceg Novi"]
[Date "2001.09.03"]
[Round "1"]
[White "Ilic, Zoran S"]
[Black "Velimirovic, Dragoljub"]
[Result "0-1"]
[WhiteElo "2388"]
[BlackElo "2507"]
[PlyCount "70"]
[EventDate "2001.09.03"]
[EventType "team"]
[EventRounds "7"]
[EventCountry "YUG"]
[Source "ChessBase"]
[SourceDate "2001.10.26"]
[WhiteTeamCountry "YUG"]
[BlackTeamCountry "YUG"]

1. d4 Nf6 2. Nf3 c5 3. d5 g6 4. c4 Bg7 5. Nc3 O-O 6. g3 d6 7. Bg2 e6 8. O-O
exd5 9. cxd5 Nbd7 10. Nd2 Nh5 11. Nc4 Nb6 12. Nxb6 Qxb6 13. e4 Re8 14. h3 Bd7
15. g4 Nf6 16. Qc2 Qa6 17. a4 b5 18. Bf4 b4 19. Nb5 Bxb5 20. axb5 Qxb5 21. Bxd6
c4 22. Ra4 a5 23. Rfa1 Nd7 24. Bc7 Nb6 25. Bxb6 Qxb6 26. Qxc4 Bxb2 27. Rd1 Rac8
28. Qd3 Be5 29. Bf1 b3 30. Qb5 Qxb5 31. Bxb5 b2 32. Bc6 Red8 33. Rb1 Rd6 34.
Ra2 Rb8 35. Rxa5 Rb4 0-1

[Event "YUG Cup"]
[Site "Herceg Novi"]
[Date "2001.09.04"]
[Round "2"]
[White "Velimirovic, Dragoljub"]
[Black "Nikcevic, Nebojsa"]
[Result "1-0"]
[WhiteElo "2507"]
[BlackElo "2484"]
[PlyCount "41"]
[EventDate "2001.09.03"]
[EventType "team"]
[EventRounds "7"]
[EventCountry "YUG"]
[Source "ChessBase"]
[SourceDate "2001.10.26"]
[WhiteTeamCountry "YUG"]
[BlackTeamCountry "YUG"]

1. e4 e5 2. Nf3 Nf6 3. Nxe5 d6 4. Nf3 Nxe4 5. Nc3 Nxc3 6. dxc3 Nc6 7. Bf4 Be7
8. Qd2 Bg4 9. Be2 Qd7 10. h3 Bf5 11. O-O-O a6 12. g4 Bg6 13. Rhe1 O-O-O 14. Qd5
Bf6 15. g5 Be7 16. Nd4 Nxd4 17. Rxd4 c6 18. Qa5 c5 19. Bg4 Bf5 20. Bxf5 Qxf5
21. Rxe7 1-0

[Event "YUG Cup"]
[Site "Herceg Novi"]
[Date "2001.09.05"]
[Round "3"]
[White "Ivanovic, Bozidar"]
[Black "Velimirovic, Dragoljub"]
[Result "1/2-1/2"]
[WhiteElo "2479"]
[BlackElo "2507"]
[PlyCount "23"]
[EventDate "2001.09.03"]
[EventType "team"]
[EventRounds "7"]
[EventCountry "YUG"]
[Source "ChessBase"]
[SourceDate "2001.10.26"]
[WhiteTeamCountry "YUG"]
[BlackTeamCountry "YUG"]

1. e4 c5 2. Nf3 Nc6 3. Nc3 g6 4. Bb5 Nd4 5. Bc4 Bg7 6. O-O e6 7. Nxd4 cxd4 8.
Nb5 a6 9. Nd6+ Ke7 10. Nxc8+ Rxc8 11. d3 Kf8 12. Bd2 1/2-1/2

[Event "YUG Cup"]
[Site "Herceg Novi"]
[Date "2001.09.06"]
[Round "4"]
[White "Markovic, Miroslav"]
[Black "Velimirovic, Dragoljub"]
[Result "1-0"]
[WhiteElo "2535"]
[BlackElo "2507"]
[PlyCount "85"]
[EventDate "2001.09.03"]
[EventType "team"]
[EventRounds "7"]
[EventCountry "YUG"]
[Source "ChessBase"]
[SourceDate "2001.10.26"]
[WhiteTeamCountry "YUG"]
[BlackTeamCountry "YUG"]

1. e4 c5 2. c3 e6 3. d4 d5 4. exd5 exd5 5. Be3 cxd4 6. Bxd4 a6 7. Nf3 Nc6 8.
Be2 Nxd4 9. Nxd4 Nf6 10. Qd3 Qb6 11. O-O Bd6 12. Qe3+ Be6 13. Nxe6 Qxe3 14.
Nxg7+ Kf8 15. fxe3 Kxg7 16. Nd2 Bc5 17. Nb3 Bxe3+ 18. Kh1 Rhe8 19. Bf3 Rad8 20.
g3 Re5 21. Rad1 Rh8 22. Nd4 h5 23. Rd3 Rhe8 24. Kg2 Kg6 25. Bd1 Bxd4 26. Rxd4
Re1 27. Bf3 Rxf1 28. Kxf1 Re5 29. Rb4 Re7 30. a4 Kf5 31. a5 Rc7 32. Ke2 Rc5 33.
Rxb7 Rxa5 34. Kd3 Ke6 35. Kd4 Ra4+ 36. Rb4 Ra1 37. Rb6+ Kf5 38. Be2 Ra4+ 39. b4
a5 40. Bd3+ Kg5 41. Ra6 Ra2 42. h4+ Kg4 43. Rxf6 1-0

[Event "YUG Cup"]
[Site "Herceg Novi"]
[Date "2001.09.07"]
[Round "5"]
[White "Velimirovic, Dragoljub"]
[Black "Ilincic, Zlatko"]
[Result "1-0"]
[WhiteElo "2507"]
[BlackElo "2546"]
[PlyCount "55"]
[EventDate "2001.09.03"]
[EventType "team"]
[EventRounds "7"]
[EventCountry "YUG"]
[Source "ChessBase"]
[SourceDate "2001.10.26"]
[WhiteTeamCountry "YUG"]
[BlackTeamCountry "YUG"]

1. e4 c5 2. Nf3 d6 3. d4 cxd4 4. Nxd4 Nf6 5. Nc3 a6 6. Bc4 e6 7. Bb3 b5 8. Qf3
Qb6 9. Be3 Qb7 10. O-O-O b4 11. Na4 Nbd7 12. Rhe1 Be7 13. Qg3 g6 14. f3 Ne5 15.
Bg5 Bd7 16. Qh4 Ng8 17. Bxe7 Nxe7 18. f4 N5c6 19. Qf6 O-O 20. Nf3 Nc8 21. Ng5
Na5 22. Nxh7 Nxb3+ 23. axb3 Kxh7 24. Rd3 e5 25. Ree3 Bg4 26. Rh3+ Bh5 27. Rxh5+
gxh5 28. Rh3 1-0

[Event "Subotica Economy"]
[Site "Subotica"]
[Date "2002.03.26"]
[Round "1"]
[White "Velimirovic, Dragoljub"]
[Black "Scekic, Milos"]
[Result "1-0"]
[WhiteElo "2487"]
[BlackElo "2444"]
[PlyCount "101"]
[EventDate "2002.03.26"]
[EventType "tourn"]
[EventRounds "11"]
[EventCountry "YUG"]
[EventCategory "8"]
[Source "ChessBase"]
[SourceDate "2002.05.03"]
[WhiteTeamCountry "YUG"]
[BlackTeamCountry "YUG"]

1. e4 e5 2. Nf3 Nc6 3. Bb5 a6 4. Ba4 d6 5. Bxc6+ bxc6 6. d4 exd4 7. Nxd4 c5 8.
Nc6 Qd7 9. Na5 Qa4 10. Qd5 Rb8 11. Qc6+ Qxc6 12. Nxc6 Rb6 13. Na5 f5 14. O-O
fxe4 15. Nc3 Nf6 16. Re1 d5 17. f3 c4 18. fxe4 Bc5+ 19. Kh1 O-O 20. exd5 Ng4
21. h3 Nf2+ 22. Kh2 Rg6 23. Nxc4 h5 24. Re5 Bxh3 25. gxh3 Ng4+ 26. hxg4 Rf2+
27. Kh3 Rf3+ 28. Kh4 Bf2+ 29. Kxh5 Rgf6 30. Rf5 g6+ 31. Kg5 Bh4+ 32. Kxh4 gxf5
33. Bg5 Rf7 34. gxf5 R3xf5 35. Ne4 Kg7 36. Kg4 Rxd5 37. Bf6+ Rxf6 38. Nxf6 Rd4+
39. Kf5 Rxc4 40. c3 Rc5+ 41. Ke6 Rc6+ 42. Kd7 Rxf6 43. Kxc7 Kf7 44. b4 Ke6 45.
c4 Ke5 46. Rd1 Rf4 47. Rd5+ Ke6 48. Rc5 Rf2 49. b5 axb5 50. cxb5 Rxa2 51. b6
1-0

[Event "Subotica Economy"]
[Site "Subotica"]
[Date "2002.03.27"]
[Round "2"]
[White "Drazic, Sinisa"]
[Black "Velimirovic, Dragoljub"]
[Result "1-0"]
[WhiteElo "2471"]
[BlackElo "2487"]
[PlyCount "47"]
[EventDate "2002.03.26"]
[EventType "tourn"]
[EventRounds "11"]
[EventCountry "YUG"]
[EventCategory "8"]
[Source "ChessBase"]
[SourceDate "2002.05.03"]
[WhiteTeamCountry "YUG"]
[BlackTeamCountry "YUG"]

1. Nf3 c5 2. c3 Nf6 3. d4 b6 4. dxc5 bxc5 5. e4 Nc6 6. e5 Ng8 7. Na3 Rb8 8. Bb5
Qc7 9. O-O e6 10. Be3 Nh6 11. Qa4 Nf5 12. Bf4 h6 13. Rad1 g5 14. Bc1 Rg8 15. h3
Bb7 16. Rfe1 Nh4 17. Nxh4 gxh4 18. Bf1 Ba8 19. Nb5 Qb7 20. f3 Qb6 21. Kh1 Nxe5
22. Rxe5 Bc6 23. c4 a6 24. Qxa6 1-0

[Event "Subotica Economy"]
[Site "Subotica"]
[Date "2002.03.28"]
[Round "3"]
[White "Velimirovic, Dragoljub"]
[Black "Jotic, Vladimir"]
[Result "1-0"]
[WhiteElo "2487"]
[BlackElo "2277"]
[PlyCount "77"]
[EventDate "2002.03.26"]
[EventType "tourn"]
[EventRounds "11"]
[EventCountry "YUG"]
[EventCategory "8"]
[Source "ChessBase"]
[SourceDate "2002.05.03"]
[WhiteTeamCountry "YUG"]
[BlackTeamCountry "YUG"]

1. e4 c5 2. Nf3 d6 3. d4 cxd4 4. Nxd4 Nf6 5. Nc3 g6 6. Be3 Bg7 7. Be2 Nc6 8.
Nb3 O-O 9. f4 Bd7 10. O-O Rc8 11. Kh1 a6 12. Bf3 b5 13. Rf2 b4 14. Na4 Rb8 15.
a3 Na5 16. axb4 Nxb3 17. cxb3 Rxb4 18. Nc3 a5 19. Rd2 Bc6 20. e5 Ne4 21. Bxe4
Bxe4 22. exd6 exd6 23. Bd4 Rxd4 24. Rxd4 Bxd4 25. Qxd4 Bc6 26. Nd5 Bxd5 27.
Qxd5 Qf6 28. Qd2 Rb8 29. Rxa5 Rxb3 30. Ra2 Qf5 31. Ra8+ Kg7 32. Qd4+ Kh6 33.
Ra1 Qc5 34. Qh8 Qd5 35. Qf8+ Kh5 36. Qg7 h6 37. Qf6 Rd3 38. Rg1 Qd4 39. g4# 1-0

[Event "Subotica Economy"]
[Site "Subotica"]
[Date "2002.03.29"]
[Round "4"]
[White "Velimirovic, Dragoljub"]
[Black "Pap, Misa"]
[Result "1-0"]
[WhiteElo "2487"]
[BlackElo "2415"]
[PlyCount "113"]
[EventDate "2002.03.26"]
[EventType "tourn"]
[EventRounds "11"]
[EventCountry "YUG"]
[EventCategory "8"]
[Source "ChessBase"]
[SourceDate "2002.05.03"]
[WhiteTeamCountry "YUG"]
[BlackTeamCountry "YUG"]

1. e4 c5 2. Nf3 Nc6 3. d4 cxd4 4. Nxd4 e5 5. Nb5 d6 6. N1c3 a6 7. Na3 b5 8. Nd5
Be7 9. c4 b4 10. Nc2 Rb8 11. Qd3 Nf6 12. Nxe7 Qxe7 13. Bg5 O-O 14. Rd1 Rd8 15.
Be2 h6 16. Bc1 b3 17. axb3 Qb7 18. Bd2 Qxb3 19. Bc3 a5 20. O-O Ba6 21. Ra1 d5
22. Ra3 dxc4 23. Qxd8+ Rxd8 24. Rxb3 cxb3 25. Bxa6 bxc2 26. Be2 Nxe4 27. Rc1
Nd4 28. Kf1 a4 29. Bxd4 exd4 30. Bd3 Nc5 31. Bxc2 Rb8 32. Bf5 Nb3 33. Rc7 g6
34. Bc2 Rb5 35. Ke2 Rc5 36. Rxc5 Nxc5 37. Bd3 Kf8 38. f4 Ke7 39. h4 Kd6 40. Bc4
f6 41. Kf3 Nd7 42. Ke4 Kc5 43. Bf7 f5+ 44. Kd3 Nb6 45. g3 h5 46. Bxg6 Nc4 47.
Kc2 Ne3+ 48. Kc1 d3 49. Bxh5 Kd4 50. Bd1 a3 51. bxa3 Kc3 52. Bf3 Nf1 53. h5
Nxg3 54. Kd1 Ne4 55. h6 Nf6 56. a4 Kb4 57. Bc6 1-0

[Event "Subotica Economy"]
[Site "Subotica"]
[Date "2002.03.30"]
[Round "5"]
[White "Popovic, Dusan"]
[Black "Velimirovic, Dragoljub"]
[Result "0-1"]
[WhiteElo "2394"]
[BlackElo "2487"]
[PlyCount "80"]
[EventDate "2002.03.26"]
[EventType "tourn"]
[EventRounds "11"]
[EventCountry "YUG"]
[EventCategory "8"]
[Source "ChessBase"]
[SourceDate "2002.05.03"]
[WhiteTeamCountry "YUG"]
[BlackTeamCountry "YUG"]

1. e4 c5 2. Nc3 Nc6 3. Bb5 Nd4 4. Bc4 e6 5. Nf3 a6 6. Nxd4 cxd4 7. Ne2 Nf6 8.
d3 Bc5 9. Bb3 d5 10. e5 Ng4 11. Bf4 Qa5+ 12. Bd2 Qc7 13. f4 h5 14. h3 Nh6 15.
g4 Bd7 16. Ng3 g6 17. Qf3 h4 18. Ne2 Ng8 19. O-O Ne7 20. Be1 O-O-O 21. Bf2 g5
22. c3 dxc3 23. Bxc5 Qxc5+ 24. d4 Qb6 25. bxc3 gxf4 26. Nxf4 Kb8 27. Nd3 Bb5
28. Rf2 Bxd3 29. Qxd3 Nc6 30. Ba4 Rc8 31. Rb1 Qa5 32. Bxc6 Rxc6 33. Rxf7 b5 34.
Rf3 Rhc8 35. Rb3 Qxa2 36. Qb1 Qxb1+ 37. Rxb1 Rxc3 38. Rbf1 b4 39. Kg2 Rxf3 40.
Rxf3 a5 0-1

[Event "Subotica Economy"]
[Site "Subotica"]
[Date "2002.03.31"]
[Round "6"]
[White "Velimirovic, Dragoljub"]
[Black "Todorovic, Jovan"]
[Result "1/2-1/2"]
[WhiteElo "2487"]
[BlackElo "2426"]
[PlyCount "146"]
[EventDate "2002.03.26"]
[EventType "tourn"]
[EventRounds "11"]
[EventCountry "YUG"]
[EventCategory "8"]
[Source "ChessBase"]
[SourceDate "2002.05.03"]
[WhiteTeamCountry "YUG"]
[BlackTeamCountry "YUG"]

1. e4 c5 2. Nf3 d6 3. d4 cxd4 4. Nxd4 Nf6 5. Nc3 Nc6 6. Bc4 e6 7. Be3 a6 8. Bb3
Qc7 9. f4 Be7 10. O-O O-O 11. Qf3 Nxd4 12. Bxd4 b5 13. e5 dxe5 14. fxe5 Nd7 15.
Rae1 Bb7 16. Qg3 Nc5 17. Be3 Kh8 18. Kh1 Rad8 19. Bxc5 Qxc5 20. Ne4 Qc7 21. c3
Kg8 22. h4 Rd7 23. Qg4 Kh8 24. Re2 Qd8 25. h5 h6 26. Ref2 Qe8 27. Nf6 Bxf6 28.
exf6 Rg8 29. Qf4 Qf8 30. Qe5 gxf6 31. Rxf6 Rg7 32. Rxh6+ Kg8 33. Rg6 Rxg6 34.
hxg6 Qh6+ 35. Kg1 Qxg6 36. Rf2 Qb1+ 37. Rf1 Qg6 38. Qe2 Qe4 39. Qf2 Qg6 40. Re1
Kf8 41. Rxe6 Rd1+ 42. Bxd1 Qxe6 43. b3 Qe5 44. Qd2 Qg3 45. c4 bxc4 46. bxc4 Qe5
47. Be2 Qc5+ 48. Kh2 Qe5+ 49. Kh1 a5 50. Bf1 Ke7 51. Qf2 f6 52. Kg1 Kd6 53.
Qb6+ Bc6 54. Qd8+ Ke6 55. Qg8+ Kd6 56. Qf8+ Ke6 57. Qh6 Kd6 58. Qd2+ Kc7 59.
Qf2 Kd6 60. g3 Qc5 61. Be2 Bb7 62. g4 Ba6 63. Kf1 Qxf2+ 64. Kxf2 Kc5 65. Ke3
Bxc4 66. Bxc4 Kxc4 67. Kf4 a4 68. Kf5 a3 69. Kxf6 Kc3 70. g5 Kb2 71. g6 Kxa2
72. g7 Kb2 73. g8=Q a2 1/2-1/2

[Event "Subotica Economy"]
[Site "Subotica"]
[Date "2002.04.01"]
[Round "7"]
[White "Sedlak, Nikola"]
[Black "Velimirovic, Dragoljub"]
[Result "1-0"]
[WhiteElo "2442"]
[BlackElo "2487"]
[PlyCount "57"]
[EventDate "2002.03.26"]
[EventType "tourn"]
[EventRounds "11"]
[EventCountry "YUG"]
[EventCategory "8"]
[Source "ChessBase"]
[SourceDate "2002.05.03"]
[WhiteTeamCountry "YUG"]
[BlackTeamCountry "YUG"]

1. e4 c5 2. Nf3 Nc6 3. Bb5 g6 4. O-O Bg7 5. Re1 e5 6. Bxc6 dxc6 7. d3 Qe7 8. a3
Nf6 9. b4 Bg4 10. Nbd2 O-O 11. h3 Bxf3 12. Nxf3 Rfd8 13. Bd2 Nh5 14. Qb1 Nf4
15. bxc5 Qxc5 16. d4 Qe7 17. Bxf4 exf4 18. e5 b5 19. c3 Rd5 20. a4 f5 21. axb5
cxb5 22. Qb3 Rad8 23. Ra6 Kh8 24. Rea1 R5d7 25. h4 Rb7 26. d5 Qf7 27. Rd1 h6
28. e6 Qf6 29. d6 1-0

[Event "Subotica Economy"]
[Site "Subotica"]
[Date "2002.04.02"]
[Round "8"]
[White "Velimirovic, Dragoljub"]
[Black "Genov, Petar"]
[Result "0-1"]
[WhiteElo "2487"]
[BlackElo "2510"]
[PlyCount "66"]
[EventDate "2002.03.26"]
[EventType "tourn"]
[EventRounds "11"]
[EventCountry "YUG"]
[EventCategory "8"]
[Source "ChessBase"]
[SourceDate "2002.05.03"]
[WhiteTeamCountry "YUG"]
[BlackTeamCountry "YUG"]

1. e4 c5 2. Nf3 d6 3. d4 cxd4 4. Nxd4 Nf6 5. Nc3 a6 6. Bc4 e6 7. Bb3 Nc6 8. Be3
Qc7 9. Qe2 b5 10. Nxc6 Qxc6 11. Bd4 Qc7 12. a3 Be7 13. O-O-O Bb7 14. f4 Rc8 15.
e5 dxe5 16. fxe5 Nd7 17. Qg4 O-O 18. Rhe1 Bc5 19. Rd3 Bxd4 20. Qxd4 Nc5 21. Rg3
Nxb3+ 22. cxb3 Qe7 23. Kb1 Rcd8 24. Qg4 f5 25. Qf4 Rd7 26. Rd1 Rfd8 27. Rxd7
Rxd7 28. h4 Qc5 29. Ka2 Qd4 30. Ne2 Qd1 31. Qh6 Bd5 32. Qh5 g6 33. Nf4 Qxb3+
0-1

[Event "Subotica Economy"]
[Site "Subotica"]
[Date "2002.04.03"]
[Round "9"]
[White "Bistric, Faruk"]
[Black "Velimirovic, Dragoljub"]
[Result "1-0"]
[WhiteElo "2486"]
[BlackElo "2487"]
[PlyCount "65"]
[EventDate "2002.03.26"]
[EventType "tourn"]
[EventRounds "11"]
[EventCountry "YUG"]
[EventCategory "8"]
[Source "ChessBase"]
[SourceDate "2002.05.03"]
[WhiteTeamCountry "YUG"]
[BlackTeamCountry "YUG"]

1. Nf3 c5 2. c4 g6 3. e4 Bg7 4. d4 cxd4 5. Nxd4 Nc6 6. Be3 Nf6 7. Nc3 O-O 8.
Be2 d6 9. O-O Bd7 10. Re1 Re8 11. h3 Nxd4 12. Bxd4 Bc6 13. Bd3 a5 14. Rc1 Nd7
15. Bxg7 Kxg7 16. Nd5 Nc5 17. Re3 e6 18. Nc3 Qh4 19. Bf1 Rad8 20. Rc2 Rd7 21.
Rd2 Red8 22. b3 e5 23. a3 Ne6 24. b4 b6 25. b5 Bb7 26. Na4 Nc5 27. Nxb6 Nxe4
28. Rxe4 Qxe4 29. Nxd7 Rxd7 30. c5 Rc7 31. c6 Bc8 32. Rxd6 Be6 33. Qc1 1-0

[Event "Subotica Economy"]
[Site "Subotica"]
[Date "2002.04.04"]
[Round "10"]
[White "Velimirovic, Dragoljub"]
[Black "Ermenkov, Evgenij"]
[Result "1-0"]
[WhiteElo "2487"]
[BlackElo "2460"]
[PlyCount "83"]
[EventDate "2002.03.26"]
[EventType "tourn"]
[EventRounds "11"]
[EventCountry "YUG"]
[EventCategory "8"]
[Source "ChessBase"]
[SourceDate "2002.05.03"]
[WhiteTeamCountry "YUG"]
[BlackTeamCountry "YUG"]

1. e4 c5 2. Nf3 d6 3. d4 Nf6 4. Nc3 cxd4 5. Nxd4 Nc6 6. Bc4 e6 7. Be3 a6 8. Bb3
Be7 9. g4 Nxd4 10. Qxd4 e5 11. Qd3 Bxg4 12. Rg1 O-O 13. Bh6 gxh6 14. f3 Rc8 15.
O-O-O Kh8 16. fxg4 Rxc3 17. bxc3 Nd7 18. Rgf1 Qb6 19. Qc4 Nf6 20. Rf3 Qc6 21.
Qf1 Kg7 22. h4 Qe8 23. Qe2 Qc8 24. Rg1 d5 25. exd5 e4 26. Rfg3 Bd6 27. g5 Bf4+
28. Kb2 hxg5 29. hxg5 Ne8 30. Qxe4 Bxg3 31. Rxg3 Qd7 32. Bc4 Nd6 33. Qd4+ Kg8
34. Bd3 Re8 35. Rg1 Qe7 36. Bxh7+ Kxh7 37. Rh1+ Kg6 38. Rh6+ Kxg5 39. Qh4+ Kf5
40. Rh5+ Kg6 41. Qg4+ Kf6 42. Qg5# 1-0

[Event "Subotica Economy"]
[Site "Subotica"]
[Date "2002.04.05"]
[Round "11"]
[White "Cosma, Ioan"]
[Black "Velimirovic, Dragoljub"]
[Result "0-1"]
[WhiteElo "2461"]
[BlackElo "2487"]
[PlyCount "68"]
[EventDate "2002.03.26"]
[EventType "tourn"]
[EventRounds "11"]
[EventCountry "YUG"]
[EventCategory "8"]
[Source "ChessBase"]
[SourceDate "2002.05.03"]
[WhiteTeamCountry "YUG"]
[BlackTeamCountry "YUG"]

1. d4 Nf6 2. Nf3 g6 3. g3 Bg7 4. Bg2 O-O 5. O-O d6 6. c4 Nc6 7. Nc3 Bg4 8. h3
Bxf3 9. Bxf3 Nd7 10. Be3 e5 11. Bxc6 bxc6 12. Qd2 Qe7 13. dxe5 Qxe5 14. Kh2 h5
15. Bf4 Qe6 16. b3 h4 17. Rac1 hxg3+ 18. Bxg3 Rae8 19. e3 Nf6 20. Kg2 Nh5 21.
Ne2 Bf6 22. Qd3 Nxg3 23. Nxg3 Kg7 24. Qe2 Bd8 25. Qf3 Rh8 26. Rh1 c5 27. Rcd1
Bf6 28. Qc6 Be5 29. Ne2 Rh5 30. f4 Bxf4 31. Nxf4 Rg5+ 32. Kh2 Qxe3 33. Rhf1
Qg3+ 34. Kh1 Re2 0-1

[Event "YUG Cup1"]
[Site "Yugoslavia"]
[Date "2002.05.14"]
[Round "2"]
[White "Velimirovic, Dragoljub"]
[Black "Kalezic, Blazo"]
[Result "1/2-1/2"]
[WhiteElo "2487"]
[BlackElo "2426"]
[PlyCount "70"]
[EventDate "2002.05.??"]
[EventType "swiss"]
[EventRounds "7"]
[EventCountry "YUG"]
[Source "ChessBase"]
[SourceDate "2005.11.24"]
[WhiteTeamCountry "YUG"]
[BlackTeamCountry "YUG"]

1. e4 d5 2. d4 dxe4 3. Nc3 e5 4. Nxe4 exd4 5. Nf3 Nc6 6. Bc4 Bb4+ 7. Bd2 Bxd2+
8. Qxd2 Nf6 9. Qf4 O-O 10. O-O-O Nh5 11. Qd2 Nf6 12. Rhe1 Be6 13. Bxe6 fxe6 14.
Kb1 Qd5 15. Nfg5 h6 16. Nxf6+ Rxf6 17. Ne4 Rf7 18. a3 Rd8 19. Qe2 e5 20. g4 Rf4
21. g5 Rxe4 22. Qxe4 Qxe4 23. Rxe4 hxg5 24. b4 a6 25. Rg1 Rf8 26. Rg2 Rf4 27.
Re1 Kf7 28. Rgg1 Ke6 29. Rxg5 Kd5 30. Rg2 Rf3 31. Rxg7 Rxa3 32. Rg3 Ra4 33. Rb3
e4 34. h4 d3 35. cxd3 e3 1/2-1/2

[Event "YUG Cup1"]
[Site "Yugoslavia"]
[Date "2002.05.15"]
[Round "3"]
[White "Velimirovic, Dragoljub"]
[Black "Markovic, Miroslav"]
[Result "1-0"]
[WhiteElo "2487"]
[BlackElo "2517"]
[PlyCount "156"]
[EventDate "2002.05.??"]
[EventType "swiss"]
[EventRounds "7"]
[EventCountry "YUG"]
[Source "ChessBase"]
[SourceDate "2005.11.24"]
[WhiteTeamCountry "YUG"]
[BlackTeamCountry "YUG"]

1. e4 c6 2. d4 Na6 3. Nd2 Nc7 4. Bd3 g6 5. c3 d6 6. f4 e5 7. Ndf3 exd4 8. cxd4
d5 9. e5 Nh6 10. Ne2 Bf5 11. O-O Qd7 12. Ng3 Bxd3 13. Qxd3 Be7 14. Be3 Nf5 15.
Nxf5 Qxf5 16. Qxf5 gxf5 17. Nd2 Ne6 18. Rf3 Kd7 19. Rh3 h5 20. Nf3 b6 21. Rd1
Rag8 22. Ne1 Rg4 23. Rf3 Rhg8 24. Kf2 Bb4 25. g3 Bxe1+ 26. Kxe1 h4 27. Bf2 hxg3
28. hxg3 Rh8 29. Kf1 a5 30. Rb3 Kc7 31. Rc3 Rh1+ 32. Ke2 Rh2 33. Kf3 Kb7 34.
Rdc1 Rg6 35. a4 Ng7 36. b4 axb4 37. Rb3 Ne6 38. Rxb4 Nc7 39. Rbb1 Rgh6 40. Rg1
Ne6 41. Rgc1 Rh8 42. Rb4 Kc7 43. a5 bxa5 44. Rb5 Rh1 45. Rc2 Ra1 46. Rxd5 Ra3+
47. Kg2 Rd8 48. Rxd8 Nxd8 49. d5 Kd7 50. Bb6 cxd5 51. Rc7+ Ke6 52. Rc8 Ra2+ 53.
Kh3 Nb7 54. Rc6+ Kd7 55. Rc7+ Ke6 56. Rxb7 Rb2 57. Rb8 a4 58. Re8+ Kd7 59. Rd8+
Kc6 60. Bd4 Rd2 61. Rd6+ Kb5 62. Rxd5+ Kc4 63. Ra5 Kb4 64. Bc3+ Kxc3 65. Rxa4
Rd8 66. Ra6 Rh8+ 67. Kg2 Kd4 68. Rf6 Ke4 69. Rxf7 Rh6 70. Rf6 Rh7 71. e6 Re7
72. g4 Rg7 73. Kf2 fxg4 74. Kg3 Kd5 75. Rf7 Rg8 76. e7 Re8 77. f5 Kd6 78. f6
Kd7 1-0

[Event "YUG Cup1"]
[Site "Yugoslavia"]
[Date "2002.05.16"]
[Round "4"]
[White "Ilincic, Zlatko"]
[Black "Velimirovic, Dragoljub"]
[Result "0-1"]
[WhiteElo "2534"]
[BlackElo "2487"]
[PlyCount "58"]
[EventDate "2002.05.??"]
[EventType "swiss"]
[EventRounds "7"]
[EventCountry "YUG"]
[Source "ChessBase"]
[SourceDate "2005.11.24"]
[WhiteTeamCountry "YUG"]
[BlackTeamCountry "YUG"]

1. e4 d6 2. d4 Nf6 3. Nc3 g6 4. Nf3 Bg7 5. h3 O-O 6. Be3 b6 7. Bc4 c6 8. Bb3 a5
9. a4 d5 10. e5 Ne8 11. Nh2 e6 12. Qd2 c5 13. dxc5 Nc6 14. Nb5 Bxe5 15. c3 bxc5
16. Bxc5 Nd6 17. Qe2 Bxh2 18. Rxh2 Ba6 19. Qd1 Bxb5 20. axb5 Ne7 21. b6 Ne4 22.
Ba3 Qxb6 23. g3 Rfe8 24. Ba4 Nc6 25. Qb3 Qc7 26. Rg2 Rab8 27. Qc2 Rec8 28. Qe2
Ne5 29. f3 Nxc3 0-1

[Event "YUG Cup1"]
[Site "Yugoslavia"]
[Date "2002.05.17"]
[Round "5"]
[White "Pavlovic, Milos"]
[Black "Velimirovic, Dragoljub"]
[Result "1-0"]
[WhiteElo "2488"]
[BlackElo "2487"]
[PlyCount "72"]
[EventDate "2002.05.??"]
[EventType "swiss"]
[EventRounds "7"]
[EventCountry "YUG"]
[Source "ChessBase"]
[SourceDate "2005.11.24"]
[WhiteTeamCountry "YUG"]
[BlackTeamCountry "YUG"]

1. e4 c5 2. Nf3 Nc6 3. d4 cxd4 4. Nxd4 g6 5. c4 Nf6 6. Nc3 d6 7. Be2 Nxd4 8.
Qxd4 Bg7 9. O-O O-O 10. Bg5 Be6 11. Qe3 Qb6 12. Qd2 Rfc8 13. b3 a5 14. Rac1 Qb4
15. Qd3 Qb6 16. Kh1 Qd8 17. f4 Bg4 18. Bxg4 Nxg4 19. Qf3 h5 20. h3 Nf6 21. Bh4
Qe8 22. Rce1 Ra6 23. Nd5 a4 24. f5 axb3 25. axb3 Nxd5 26. exd5 Be5 27. Bg3 f6
28. Bxe5 dxe5 29. Ra1 Rxa1 30. Rxa1 Ra8 31. Rd1 b6 32. d6 Rd8 33. dxe7 Rxd1+
34. Qxd1 Qxe7 35. fxg6 Qa3 36. h4 e4 1-0

[Event "YUG Cup1"]
[Site "Yugoslavia"]
[Date "2002.05.18"]
[Round "6"]
[White "Nikcevic, Nebojsa"]
[Black "Velimirovic, Dragoljub"]
[Result "1-0"]
[WhiteElo "2459"]
[BlackElo "2487"]
[PlyCount "71"]
[EventDate "2002.05.??"]
[EventType "swiss"]
[EventRounds "7"]
[EventCountry "YUG"]
[Source "ChessBase"]
[SourceDate "2005.11.24"]
[WhiteTeamCountry "YUG"]
[BlackTeamCountry "YUG"]

1. Nf3 c5 2. c4 d6 3. d4 cxd4 4. Nxd4 Nf6 5. Nc3 g6 6. e4 Nc6 7. Be2 Nxd4 8.
Qxd4 Bg7 9. Be3 O-O 10. Qd2 Be6 11. O-O Qa5 12. f3 Rfc8 13. Rfc1 Nd7 14. Rab1
a6 15. b4 Qd8 16. Nd5 Bxd5 17. exd5 b6 18. Bd1 a5 19. bxa5 bxa5 20. Ba4 Nc5 21.
Bc6 Rab8 22. Rb5 e5 23. Qxa5 Qxa5 24. Rxa5 Nd3 25. Rb5 Nxc1 26. Bxc1 Ra8 27.
Bxa8 Rxa8 28. a4 e4 29. Be3 exf3 30. a5 Bc3 31. Bb6 fxg2 32. Kxg2 Kg7 33. c5
dxc5 34. d6 c4 35. d7 Bf6 36. Rc5 1-0

[Event "YUG Cup1"]
[Site "Yugoslavia"]
[Date "2002.05.19"]
[Round "7"]
[White "Velimirovic, Dragoljub"]
[Black "Jeremic, Veljko"]
[Result "1/2-1/2"]
[WhiteElo "2487"]
[BlackElo "2482"]
[PlyCount "126"]
[EventDate "2002.05.??"]
[EventType "swiss"]
[EventRounds "7"]
[EventCountry "YUG"]
[Source "ChessBase"]
[SourceDate "2005.11.24"]
[WhiteTeamCountry "YUG"]
[BlackTeamCountry "YUG"]

1. e4 e6 2. d4 d5 3. Nc3 Nf6 4. e5 Nfd7 5. f4 c5 6. Nf3 Nc6 7. Ne2 Qb6 8. c3
cxd4 9. Nexd4 Nc5 10. Bd3 Nxd3+ 11. Qxd3 Bd7 12. Nb3 a5 13. Be3 Qa6 14. Qxa6
Rxa6 15. a4 b6 16. Kd2 Be7 17. Nc1 Kd8 18. h4 h5 19. Ne2 Kc7 20. Rag1 Nd8 21.
g4 hxg4 22. Rxg4 g6 23. Ng3 Bxa4 24. f5 d4 25. Nxd4 exf5 26. Ndxf5 Bd7 27. Rc4+
Bc5 28. Bxc5 bxc5 29. Nd6 f6 30. Rxc5+ Bc6 31. Rh2 Ne6 32. Rc4 fxe5 33. Nf7 Rb8
34. Kc1 Rb5 35. Rd2 Rc5 36. Rg4 Be8 37. Ng5 Nd4 38. Rf2 a4 39. N5e4 Rcc6 40.
Kb1 a3 41. b4 Bd7 42. Rg5 Nb5 43. Ka1 Nxc3 44. Nc5 Rab6 45. Rc2 Rxc5 46. Ne2
Rxb4 47. Rxc3 Rxc3 48. Nxc3 Rxh4 49. Rxg6 Bc6 50. Rg3 Rh2 51. Rd3 Kb6 52. Re3
Rh5 53. Nb1 Kc5 54. Nxa3 Ba4 55. Re4 Bb3 56. Kb2 Bd5 57. Re3 Rh2+ 58. Kc3 e4
59. Nc2 Rf2 60. Rh3 Rf3+ 61. Rxf3 exf3 62. Kd3 f2 63. Ke2 Bc4+ 1/2-1/2